[Event "Catalunya-chT"]
[Site "Barcelona"]
[Date "2002.??.??"]
[Round "7"]
[White "Cuenca Soro, Javier"]
[Black "Lago Gutierrez, Daniel"]
[Result "1/2-1/2"]
[WhiteElo "1910"]
[BlackElo "1915"]
[PlyCount "76"]
[EventDate "2002.??.??"]
[EventType "team"]
[EventRounds "9"]
[EventCountry "ESP"]
[SourceTitle "EXT 2008"]
[Source "ChessBase"]
[SourceDate "2007.11.25"]
[SourceVersion "1"]
[SourceVersionDate "2007.11.25"]
[SourceQuality "1"]

1. e4 e6 2. d4 d5 3. exd5 exd5 4. c4 Nf6 5. Bg5 Be7 6. Nc3 c6 7. Nf3 0-0 8. g3 Re8 9. Be2 dxc4 10. 0-0 Be6 11. Ne5 Nbd7 12. Nxc4 Nd5 13. Bxe7 Qxe7 14. Re1 Nxc3 15. bxc3 Bxc4 16. Bxc4 Qxe1+ 17. Qxe1 Rxe1+ 18. Rxe1 Kf8 19. f4 Re8 20. Rxe8+ Kxe8 21. Bd3 h6 22. Kf2 Ke7 23. c4 Nb6 24. Kf3 Nd7 25. g4 g5 26. h3 Nf8 27. fxg5 hxg5 28. d5 cxd5 29. cxd5 Nd7 30. Bf5 Nc5 31. Ke3 Kd6 32. Kd4 b5 33. Bc2 Nd7 34. a4 bxa4 35. Bxa4 Ne5 36. Bd1 Ng6 37. Ke4 Ne7 38. Bb3 f6 1/2-1/2

[Event "Catalunya-chB"]
[Site "Spain"]
[Date "1996.11.03"]
[Round "5"]
[White "Formosa Jordan, Pau"]
[Black "Cuenca Soro, Javier"]
[Result "1-0"]
[WhiteElo "1835"]
[BlackElo "1700"]
[PlyCount "27"]
[EventDate "1997.??.??"]
[EventType "swiss"]
[EventRounds "8"]
[EventCountry "ESP"]
[SourceTitle "EXT 2003"]
[Source "ChessBase"]
[SourceDate "2002.11.25"]
[SourceVersion "1"]
[SourceVersionDate "2002.11.25"]
[SourceQuality "1"]

1. e4 c6 2. d4 d5 3. e5 Bf5 4. g4 Be4 5. f3 Bg6 6. h4 h6 7. h5 Bh7 8. e6 fxe6 9. Bd3 Bxd3 10. Qxd3 Qd6 11. Qg6+ Kd8 12. Ne2 Nd7 13. Nf4 e5 14. Ne6+ 1-0

[Event "Catalunya-chB"]
[Site "Spain"]
[Date "1996.10.27"]
[Round "4"]
[White "Cuenca Soro, Javier"]
[Black "Alba Fernandez, David"]
[Result "1-0"]
[WhiteElo "1700"]
[BlackElo "1700"]
[PlyCount "49"]
[EventDate "1997.??.??"]
[EventType "swiss"]
[EventRounds "8"]
[EventCountry "ESP"]
[SourceTitle "EXT 2003"]
[Source "ChessBase"]
[SourceDate "2002.11.25"]
[SourceVersion "1"]
[SourceVersionDate "2002.11.25"]
[SourceQuality "1"]

1. e4 e5 2. Nf3 Nc6 3. d4 d6 4. Bb5 a6 5. Bxc6+ bxc6 6. dxe5 Bg4 7. exd6 cxd6 8. 0-0 Be7 9. Nbd2 Nf6 10. b3 0-0 11. Bb2 Nd7 12. h3 Bh5 13. Nc4 Nc5 14. Re1 f6 15. Ba3 d5 16. exd5 Qc7 17. dxc6 Rad8 18. Qe2 Bxf3 19. Qxf3 Qa7 20. Rad1 Rxd1 21. Rxd1 Ne6 22. Rd7 Qb8 23. Rxe7 Ng5 24. Qd5+ Rf7 25. Nd6 1-0

[Event "Catalunya-chB"]
[Site "Spain"]
[Date "1996.10.06"]
[Round "1"]
[White "Cuenca Soro, Javier"]
[Black "Febrero Perez, Lluis"]
[Result "0-1"]
[WhiteElo "1700"]
[BlackElo "1825"]
[PlyCount "95"]
[EventDate "1997.??.??"]
[EventType "swiss"]
[EventRounds "8"]
[EventCountry "ESP"]
[SourceTitle "EXT 2003"]
[Source "ChessBase"]
[SourceDate "2002.11.25"]
[SourceVersion "1"]
[SourceVersionDate "2002.11.25"]
[SourceQuality "1"]

1. e4 e5 2. Nf3 Nc6 3. d4 exd4 4. Nxd4 Nf6 5. Nc3 d6 6. Bg5 Be7 7. Bb5 Bd7 8. f3 a6 9. Ba4 b5 10. Bb3 Nxd4 11. Qxd4 c5 12. Qd3 c4 13. Bxc4 bxc4 14. Qxc4 Qa5 15. Bd2 Qb6 16. b3 Rc8 17. Qd3 0-0 18. Bg5 Qc5 19. Bd2 Rc6 20. Rc1 Rfc8 21. Nd5 Nxd5 22. exd5 R6c7 23. c4 Bh4+ 24. g3 Re8+ 25. Kd1 Bf6 26. h4 Qf2 27. g4 Bxh4 28. Kc2 h6 29. Rcf1 Qg3 30. Rfg1 Qf2 31. Rf1 Qg3 32. Rfg1 Qe5 33. Rxh4 f5 34. Re1 Qf6 35. Rxe8+ Bxe8 36. Rh1 fxg4 37. Bc3 Qg5 38. Kb2 Bg6 39. Qe2 Re7 40. Qf2 gxf3 41. Ka3 Bd3 42. Rg1 Qe3 43. Qxe3 Rxe3 44. Bxg7 Re4 45. Bxh6+ Kh7 46. Rh1 Kg6 47. Bf8 f2 48. Bxd6 0-1